COMPERHENSIVE PEDIATRIC DENTISTRY (Record no. 3326)

MARC details
000 -LEADER
fixed length control field 00374nam a2200145Ia 4500
008 - FIXED-LENGTH DATA ELEMENTS--GENERAL INFORMATION
fixed length control field 150201s2006 xx 000 0 und d
082 ## - DEWEY DECIMAL CLASSIFICATION NUMBER
Classification number 617.645
Item number C2006M
100 ## - MAIN ENTRY--PERSONAL NAME
Personal name JOSEPH, JOHN
245 ## - TITLE STATEMENT
Title COMPERHENSIVE PEDIATRIC DENTISTRY
250 ## - EDITION STATEMENT
Edition statement 1ST
260 ## - PUBLICATION, DISTRIBUTION, ETC. (IMPRINT)
Name of publisher, distributor, etc. ARORA MEDICAL BOOKS DISTRIBUTOR
Place of publication, distribution, etc. LUCKNOW
Date of publication, distribution, etc. 2006
300 ## - PHYSICAL DESCRIPTION
Extent 1-340
650 ## - SUBJECT ADDED ENTRY--TOPICAL TERM
Topical term or geographic name as entry element PEDODONTICS
942 ## - ADDED ENTRY ELEMENTS (KOHA)
Source of classification or shelving scheme Dewey Decimal Classification
Koha item type Books
Holdings
Withdrawn status Lost status Source of classification or shelving scheme Damaged status Not for loan Home library Current library Date acquired Source of acquisition Cost, normal purchase price Serial Enumeration / chronology SGTU Bill Number Total Checkouts Full call number Barcode Date last seen Bill Date Koha item type Date last checked out
    Dewey Decimal Classification     SGT Dental Library SGT Dental Library 03/01/2006 JAIN BOOK DEPOT -DELHI 198.00 1 SGTU 825/838   617.645 C2006M FD3558 09/02/2015 19/05/2012 Books  
    Dewey Decimal Classification     SGT Dental Library SGT Dental Library 03/01/2006 JAIN BOOK DEPOT -DELHI 198.00 1 SGTU 825/838 3 617.645 C2006M FD3559 29/03/2019 19/05/2012 Books 19/03/2019
    Dewey Decimal Classification     SGT Dental Library SGT Dental Library 03/01/2006 JAIN BOOK DEPOT -DELHI 198.00 1 SGTU 825/838 1 617.645 C2006M FD3560 16/02/2019 19/05/2012 Books 15/02/2019